成都地铁车站地图 Chengdu Metro Map Quiz - Statistics

General Stats
  • This quiz has been taken 136 times
    28 since last reset
  • The average score is 66 of 140
Answers on the Map
Answers color-coded by a green-red scale on the quiz's map according to % correct below.
 
Answer Stats
Line Station % Correct
1号线 Line 1 | 2号线 Line 2 天府广场 Tianfu Square
88%
18号线 Line 18 | 19号线 Line 19 天府机场北 Tianfu International Airport North
82%
2号线 Line 2 | 3号线 Line 3 春熙路 Chunxi Road
76%
1号线 Line 1 | 7号线 Line 7 火车北站 North Railway Station
76%
2号线 Line 2 | 4号线 Line 4 | 5号线 Line 5 中医大省医院 Chengdu University of TCM & Sichuan Provincial People's Hospital
71%
1号线 Line 1 | 4号线 Line 4 骡马市 Luomashi
71%
18号线 Line 18 | 1号线 Line 1 | 7号线 Line 7 火车南站 South Railway Station
71%
2号线 Line 2 | 6号线 Line 6 犀浦 Xipu
71%
2号线 Line 2 | 7号线 Line 7 成都东客站 East Chengdu Railway Station
65%
2号线 Line 2 龙泉驿 Longquanyi
65%
18号线 Line 18 | 19号线 Line 19 天府机场1号2号航站楼 Terminal 1&2 of Tianfu International Airport
59%
4号线 Line 4 | 9号线 Line 9 成都西站 Chengdu West Railway Station
59%
18号线 Line 18 | 1号线 Line 1 | 9号线 Line 9 孵化园 Incubation Park
59%
1号线 Line 1 | 8号线 Line 8 倪家桥 Nijiaqiao
59%
10号线 Line 10 | 3号线 Line 3 双流西站 Shuangliu West Station
59%
3号线 Line 3 省体育馆 Sichuan Gymnasium
59%
2号线 Line 2 | 7号线 Line 7 一品天下 Yipintianxia
59%
5号线 Line 5 | 7号线 Line 7 北站西二路 2nd Beizhan Road West
53%
6号线 Line 6 | 9号线 Line 9 金融城东 Financial City East
53%
18号线 Line 18 | 1号线 Line 1 海昌路 Haichang Road
53%
6号线 Line 6 兰家沟 Lanjiagou
53%
2号线 Line 2 | 6号线 Line 6 牛王庙 Niuwangmiao
53%
1号线 Line 1 科学城 Science City
53%
10号线 Line 10 | 3号线 Line 3 | 7号线 Line 7 太平园 Taipingyuan
53%
6号线 Line 6 望丛祠 Wangcong Temple
53%
1号线 Line 1 | 27号线 Line 27 韦家碾 Weijianian
53%
18号线 Line 18 | 1号线 Line 1 | 6号线 Line 6 西博城 Western China Int'l Expo City
53%
1号线 Line 1 五根松 Wugensong
53%
18号线 Line 18 | 1号线 Line 1 世纪城 Century City
47%
7号线 Line 7 | 8号线 Line 8 理工大学 Chengdu University of Technology
47%
4号线 Line 4 | 7号线 Line 7 槐树店 Huaishudian
47%
9号线 Line 9 黄田坝 Huangtianba
47%
5号线 Line 5 | 6号线 Line 6 回龙 Huilong
47%
5号线 Line 5 | 9号线 Line 9 锦城大道 Jincheng Avenue
47%
17号线 Line 17 | 9号线 Line 9 机投桥 Jitouqiao
47%
6号线 Line 6 | 7号线 Line 7 琉璃场 Liulichang
47%
1号线 Line 1 | 6号线 Line 6 人民北路 Renmin Road North
47%
18号线 Line 18 | 19号线 Line 19 天府站 Tianfu Station
47%
4号线 Line 4 万盛 Wansheng
47%
4号线 Line 4 西河 Xihe
47%
3号线 Line 3 | 4号线 Line 4 市二医院 Chengdu Second People's Hospital
41%
4号线 Line 4 | 7号线 Line 7 文化宫 Culture Palace
41%
2号线 Line 2 | 8号线 Line 8 东大路 Dongda Road
41%
18号线 Line 18 | 19号线 Line 19 福田 Futian
41%
7号线 Line 7 | 8号线 Line 8 高朋大道 Gaopeng Avenue
41%
19号线 Line 19 金星 Jinxing
41%
8号线 Line 8 | 9号线 Line 9 三元 Sanyuan
41%
3号线 Line 3 | 7号线 Line 7 驷马桥 Simaqiao
41%
6号线 Line 6 | 7号线 Line 7 西南交大 Southwest Jiaotong University
41%
19号线 Line 19 | 6号线 Line 6 天府商务区 Tianfu Commercial District
41%
6号线 Line 6 | 8号线 Line 8 东光 Dongguang
35%
19号线 Line 19 | 4号线 Line 4 凤溪河 Fengxihe
35%
3号线 Line 3 | 5号线 Line 5 高升桥 Gaoshengqiao
35%
5号线 Line 5 华桂路 Huagui Road
35%
17号线 Line 17 | 19号线 Line 19 九江北 Jiujiang North
35%
19号线 Line 19 | 8号线 Line 8 龙港 Longgang
35%
18号线 Line 18 | 19号线 Line 19 三岔 Sancha
35%
5号线 Line 5 | 7号线 Line 7 神仙树 Shenxianshu
35%
1号线 Line 1 省体育馆 Sichuan Gymnasium
35%
3号线 Line 3 | 9号线 Line 9 武青南路 Wuqing South Road
35%
5号线 Line 5 | 6号线 Line 6 西北桥 Xibeiqiao
35%
19号线 Line 19 | 5号线 Line 5 怡心湖 Yixin Lake
35%
3号线 Line 3 成都医学院 Chengdu Medical College
29%
27号线 Line 27 | 5号线 Line 5 洞子口 Dongzikou
29%
8号线 Line 8 桂龙路 Guilong Road
29%
10号线 Line 10 | 9号线 Line 9 华兴 Huaxing
29%
5号线 Line 5 | 8号线 Line 8 九兴大道 Jiuxing Avenue
29%
19号线 Line 19 | 3号线 Line 3 龙桥路 Longqiao Road
29%
4号线 Line 4 | 8号线 Line 8 双桥路 Shuangqiao Road
29%
27号线 Line 27 蜀鑫路 Shuxin Road
29%
4号线 Line 4 | 6号线 Line 6 玉双路 Yushuang Road
29%
27号线 Line 27 | 6号线 Line 6 金府 Jinfu
24%
3号线 Line 3 | 6号线 Line 6 前锋路 Qianfeng Road
24%
27号线 Line 27 石佛 Shifo
24%
10号线 Line 10 新平 Xinping
24%
27号线 Line 27 | 2号线 Line 2 羊犀立交 Yangsi Flyover
24%
No matching quizzes found
Score Distribution
Percent of People with Each Score
Percentile by Number Answered
Your Score History
You have not taken this quiz since the last reset